000 00481nam a2200169Ia 4500
999 _c29124
_d29124
003 OSt
005 20260305115423.0
008 190216s9999||||xx |||||||||||||| ||und||
040 _coclc
082 _a894.8129
_bDAS/V
100 _aDas, Kamala
_95366
245 0 _aVishadam Pookkunna Marangal /
_cKamala Das
260 _bScenario Press,
_aThrissur:
_c2007.
300 _a120p
650 _aAthmakadha
942 _cBK
_2ddc
_h894.8129
_iDAS/V
_k894.8129
_mDAS/V